<?xml version="1.0" encoding="UTF-8"?>
<record
    xmlns:xsi="http://www.w3.org/2001/XMLSchema-instance"
    xsi:schemaLocation="http://www.loc.gov/MARC21/slim http://www.loc.gov/standards/marcxml/schema/MARC21slim.xsd"
    xmlns="http://www.loc.gov/MARC21/slim">

  <leader>02938nam a2200469Ia 4500</leader>
  <controlfield tag="001">29</controlfield>
  <controlfield tag="008">241029s9999    xx            000 0 und d</controlfield>
  <datafield tag="041" ind1=" " ind2=" ">
    <subfield code="a">Espa&#xF1;ol</subfield>
  </datafield>
  <datafield tag="082" ind1=" " ind2=" ">
    <subfield code="a">MGE-0040</subfield>
  </datafield>
  <datafield tag="245" ind1=" " ind2="0">
    <subfield code="a">Manual de Pol&#xED;ticas y Procedimientos de la Gerencia de la Escuela Los Alifonsos </subfield>
  </datafield>
  <datafield tag="260" ind1=" " ind2=" ">
    <subfield code="a">Distrito Nacional</subfield>
  </datafield>
  <datafield tag="300" ind1=" " ind2=" ">
    <subfield code="a">60</subfield>
  </datafield>
  <datafield tag="520" ind1=" " ind2=" ">
    <subfield code="a">12</subfield>
  </datafield>
  <datafield tag="650" ind1=" " ind2=" ">
    <subfield code="a">Administraci&#xF3;n de la Educaci&#xF3;n</subfield>
  </datafield>
  <datafield tag="690" ind1=" " ind2=" ">
    <subfield code="a">Elaborado</subfield>
  </datafield>
  <datafield tag="901" ind1=" " ind2=" ">
    <subfield code="a">{"1":"Ubaldo"}</subfield>
    <subfield code="b">{"1":"Martha Altagracia"}</subfield>
  </datafield>
  <datafield tag="902" ind1=" " ind2=" ">
    <subfield code="a">2</subfield>
  </datafield>
  <datafield tag="903" ind1=" " ind2=" ">
    <subfield code="a">{"1":"Guzm&#xE1;n","2":"Montes de Oca"}</subfield>
    <subfield code="b">{"1":"Teresa","2":"Ginia"}</subfield>
  </datafield>
  <datafield tag="904" ind1=" " ind2=" ">
    <subfield code="a">Maestr&#xED;a en</subfield>
  </datafield>
  <datafield tag="905" ind1=" " ind2=" ">
    <subfield code="a">Gesti&#xF3;n Educativa</subfield>
  </datafield>
  <datafield tag="906" ind1=" " ind2=" ">
    <subfield code="a">2</subfield>
  </datafield>
  <datafield tag="907" ind1=" " ind2=" ">
    <subfield code="a">NO APLICA</subfield>
  </datafield>
  <datafield tag="908" ind1=" " ind2=" ">
    <subfield code="a">NO APLICA</subfield>
  </datafield>
  <datafield tag="909" ind1=" " ind2=" ">
    <subfield code="a">Universidad Iberoamericana (UNIBE)</subfield>
  </datafield>
  <datafield tag="910" ind1=" " ind2=" ">
    <subfield code="a">NULL</subfield>
    <subfield code="b">NULL</subfield>
  </datafield>
  <datafield tag="911" ind1=" " ind2=" ">
    <subfield code="a">["1"]</subfield>
  </datafield>
  <datafield tag="912" ind1=" " ind2=" ">
    <subfield code="a">NO APLICA</subfield>
  </datafield>
  <datafield tag="913" ind1=" " ind2=" ">
    <subfield code="a">NULL</subfield>
  </datafield>
  <datafield tag="914" ind1=" " ind2=" ">
    <subfield code="a">31 de Agosto de 2013</subfield>
  </datafield>
  <datafield tag="915" ind1=" " ind2=" ">
    <subfield code="a">22/04/14 01:04</subfield>
  </datafield>
  <datafield tag="916" ind1=" " ind2=" ">
    <subfield code="a">NULL</subfield>
  </datafield>
  <datafield tag="917" ind1=" " ind2=" ">
    <subfield code="a">NULL</subfield>
  </datafield>
  <datafield tag="918" ind1=" " ind2=" ">
    <subfield code="a">NO APLICA</subfield>
  </datafield>
  <datafield tag="919" ind1=" " ind2=" ">
    <subfield code="a">["10"]</subfield>
  </datafield>
  <datafield tag="520" ind1=" " ind2=" ">
    <subfield code="a">El estudio se plante&#xF3; &#xA0;como objetivo principal dise&#xF1;ar un manual de pol&#xED;ticas y procedimientos para la gerencia de la escuela Los Alifonsos que facilite la toma de decisiones, adem&#xE1;s&#xA0;realizar una evaluaci&#xF3;n diagn&#xF3;stica de los procedimientos que se llevan a cabo en la instituci&#xF3;n, para determinar aquellas situaciones que provocan efectos adversos y las que se deben fortalecer.&#xA0;Para el alcance de los objetivos se realiz&#xF3; un estudio descriptivo, el cual se sustent&#xF3;&#xA0; en el m&#xE9;todo de la investigaci&#xF3;n acci&#xF3;n y el an&#xE1;lisis FODA&#xA0; (Fortalezas,Oportunidades, Debilidades y Amenazas), en el cual se utilizaron las t&#xE9;cnicas de: observaci&#xF3;n, entrevistas y como instrumento, el cuestionario.&#xA0; El universo muestra estuvo constituido por los actores del centro (estudiantes, maestros, personal administrativo y director/a). &#xA0;Los an&#xE1;lisis realizados indicaron que aunque los resultados, seg&#xFA;n los c&#xE1;lculos de los porcentajes, revelan un fortalecimiento&#xA0; en la realizaci&#xF3;n&#xA0;de los procesos diarios, el an&#xE1;lisis FODA, se&#xF1;ala algunas debilidades al momento de la ejecuci&#xF3;n&#xA0; en el &#xE1;rea administrativa, manejo poco eficaz&#xA0; en el control de las actividades y que los procesos no est&#xE1;n debidamente definidos.&#xA0;El estudio recomienda determinar pol&#xED;ticas y procedimientos para las actividades que se realizan al momento de documentar dichas informaciones, dise&#xF1;ar formatos y plantillas que permitan agilizar los servicios, regularizar cada una de las acciones que forman parte del proceso diario de la informaci&#xF3;n, para su posterior control y regularizaci&#xF3;n.&#xA0; A modo de colof&#xF3;n&#xA0; se propone tambi&#xE9;n, el dise&#xF1;o de un manual de pol&#xED;ticas, procedimientos y validaci&#xF3;n, en la implementaci&#xF3;n piloto del mismo y su posterior revisi&#xF3;n y correcci&#xF3;n. &#xA0;</subfield>
  </datafield>
  <datafield tag="921" ind1=" " ind2=" ">
    <subfield code="a">16</subfield>
  </datafield>
  <datafield tag="922" ind1=" " ind2=" ">
    <subfield code="a">16</subfield>
  </datafield>
  <datafield tag="923" ind1=" " ind2=" ">
    <subfield code="a">0</subfield>
  </datafield>
  <datafield tag="924" ind1=" " ind2=" ">
    <subfield code="a">NO APLICA</subfield>
  </datafield>
  <datafield tag="942" ind1=" " ind2=" ">
    <subfield code="c">Proyecto de Intervenci&#xF3;n</subfield>
  </datafield>
  <datafield tag="999" ind1=" " ind2=" ">
    <subfield code="c">24</subfield>
    <subfield code="d">24</subfield>
  </datafield>
</record>
